Thông tin doanh nghiệp thành phố Hồ Chí Minh và các tỉnh Đồng Bằng Sông Cửu Long 2004 - 2005
Αποθηκεύτηκε σε:
| Μορφή: | Βιβλίο |
|---|---|
| Γλώσσα: | Undetermined |
| Έκδοση: |
Tp. Hồ Chí Minh
Bưu Điện
2004
|
| Θέματα: | |
| Ετικέτες: |
Προσθήκη ετικέτας
Δεν υπάρχουν, Καταχωρήστε ετικέτα πρώτοι!
|
| Thư viện lưu trữ: | Trung tâm Học liệu Trường Đại học Cần Thơ |
|---|
| LEADER | 00525nam a2200157Ia 4500 | ||
|---|---|---|---|
| 001 | CTU_71853 | ||
| 008 | 210402s9999 xx 000 0 und d | ||
| 082 | |a 338.7 | ||
| 082 | |b Th455 | ||
| 245 | 0 | |a Thông tin doanh nghiệp thành phố Hồ Chí Minh và các tỉnh Đồng Bằng Sông Cửu Long 2004 - 2005 | |
| 260 | |a Tp. Hồ Chí Minh | ||
| 260 | |b Bưu Điện | ||
| 260 | |c 2004 | ||
| 650 | |a Business enterprises | ||
| 904 | |i Minh | ||
| 980 | |a Trung tâm Học liệu Trường Đại học Cần Thơ | ||